[Event "FIDE World Uni Rapid-C 1st"]
[Site "Tornelo INT"]
[Date "2021.03.21"]
[Round "7"]
[White "Badelka, Olga"]
[Black "Gesyan, Suren"]
[Result "1/2-1/2"]
[WhiteElo "2428"]
[BlackElo "1945"]
[PlyCount "111"]
[EventDate "2021.03.20"]
[EventType "swiss (rapid)"]
[EventRounds "12"]
[EventCountry "NET"]
[SourceTitle "CBM 201 Extra"]
[Source "ChessBase"]
[SourceDate "2021.05.31"]
[SourceVersion "1"]
[SourceVersionDate "2021.05.31"]
[SourceQuality "1"]

1. d4 d5 2. c4 e6 3. Nc3 Nf6 4. cxd5 Nxd5 5. e4 Nxc3 6. bxc3 c5 7. Nf3 cxd4 8. cxd4 Bb4+ 9. Bd2 Bxd2+ 10. Qxd2 0-0 11. Bc4 b6 12. 0-0 Bb7 13. Rfe1 Nc6 14. Rad1 Rc8 15. Qf4 Na5 16. Bd3 Nc4 17. Bb1 Na3 18. Bd3 Nc4 19. Rc1 b5 20. d5 exd5 21. e5 g6 22. Qh6 f5 23. Nd4 Qe7 24. Nxb5 Nxe5 25. Bf1 Rxc1 26. Qxc1 Qg7 27. Qc5 Re8 28. Rb1 Qe7 29. Qxa7 Ng4 30. h3 Qe4 31. hxg4 Qxb1 32. Qxb7 Re1 33. Qxd5+ Kg7 34. Qc4 Rc1 35. Nc3 Qa1 36. Qc7+ Kh6 37. g5+ Kxg5 38. Qe7+ Kh6 39. Qf8+ Kh5 40. g4+ fxg4 41. Ne2 Rxf1+ 42. Kg2 Rxf2+ 43. Qxf2 Qe5 44. Ng3+ Kh6 45. Qf8+ Kg5 46. Qd8+ Kh6 47. Qd2+ Kg7 48. a4 h5 49. Qd7+ Kh6 50. Qd8 Qb2+ 51. Kg1 Qa1+ 52. Kf2 Qa2+ 53. Kf1 Qa1+ 54. Kf2 Qa2+ 55. Kf1 Qa1+ 56. Kf2 1/2-1/2

[Event "FIDE World Uni Blitz-B 1st"]
[Site "Tornelo INT"]
[Date "2021.03.13"]
[Round "10.27"]
[White "Gesyan, Suren"]
[Black "Baselmans, Luuk"]
[Result "1/2-1/2"]
[WhiteElo "1945"]
[BlackElo "2251"]
[PlyCount "141"]
[EventDate "2021.03.13"]
[EventType "swiss (blitz)"]
[EventRounds "10"]
[EventCountry "NET"]
[SourceTitle "EXT 2022"]
[Source "ChessBase"]
[SourceDate "2021.10.06"]
[SourceVersion "1"]
[SourceVersionDate "2021.10.06"]
[SourceQuality "1"]

1. e4 e6 2. d4 d5 3. exd5 exd5 4. Nf3 Bd6 5. c4 Nf6 6. Bd3 dxc4 7. Bxc4 0-0 8. 0-0 Bg4 9. h3 Bh5 10. Nc3 Nbd7 11. g4 Bg6 12. Bb3 c6 13. Bg5 Be7 14. Ne5 Ne4 15. Bxe7 Qxe7 16. Nxg6 hxg6 17. Qe2 Rfe8 18. Rae1 Ndf6 19. f3 Qd6 20. fxe4 Qxd4+ 21. Qf2 Qe5 22. Qf4 Qc5+ 23. Kh1 g5 24. Qf2 Qe5 25. Qh2 Rad8 26. Qxe5 Rxe5 27. Re2 Rd4 28. Rf5 Re7 29. e5 Nh7 30. Rff2 Nf8 31. Re4 Rxe4 32. Nxe4 Rxe5 33. Rxf7 Ne6 34. Re7 Rxe4 35. Rxe6 Rf4 36. Rf6+ Kh7 37. Rxf4 gxf4 38. g5 Kg6 39. h4 Kh5 40. Bf7+ Kxh4 41. g6 Kg3 42. Kg1 Kf3 43. Kf1 Ke3 44. Bb3 b5 45. Bd1 c5 46. Kg2 Kd2 47. Bg4 Kc1 48. b3 Kb2 49. a4 Kxb3 50. axb5 c4 51. Kf3 c3 52. Bf5 c2 53. Bxc2+ Kxc2 54. Kxf4 Kc3 55. Ke5 Kc4 56. Ke6 Kxb5 57. Kf7 a5 58. Kxg7 a4 59. Kh6 a3 60. g7 a2 61. g8Q a1Q 62. Qd5+ Kb4 63. Qb7+ Kc4 64. Qc7+ Kd3 65. Qg3+ Ke4 66. Qg6+ Kd5 67. Qf7+ Ke4 68. Qg6+ Kd5 69. Kg5 Qg1+ 70. Kf6 Qxg6+ 71. Kxg6 1/2-1/2

[Event "FIDE World Uni Blitz-B 1st"]
[Site "Tornelo INT"]
[Date "2021.03.13"]
[Round "4.15"]
[White "Gesyan, Suren"]
[Black "Costachi, Mihnea"]
[Result "1/2-1/2"]
[WhiteElo "1945"]
[BlackElo "2471"]
[PlyCount "166"]
[EventDate "2021.03.13"]
[EventType "swiss (blitz)"]
[EventRounds "10"]
[EventCountry "NET"]
[SourceTitle "EXT 2022"]
[Source "ChessBase"]
[SourceDate "2021.10.06"]
[SourceVersion "1"]
[SourceVersionDate "2021.10.06"]
[SourceQuality "1"]

1. e4 e5 2. Nf3 Nc6 3. Bb5 a6 4. Bxc6 dxc6 5. 0-0 Bg4 6. h3 h5 7. d3 Qf6 8. Nbd2 g5 9. Re1 Bc5 10. Nb3 Bxf3 11. Qxf3 Qxf3 12. gxf3 Be7 13. Kg2 Nf6 14. Be3 0-0-0 15. Kf1 g4 16. hxg4 hxg4 17. fxg4 Nxg4 18. Ke2 Rh3 19. Rh1 Rdh8 20. Rxh3 Rxh3 21. Rf1 Bh4 22. Nd2 Kd7 23. Nf3 Bf6 24. Rg1 Nxe3 25. Kxe3 Rh8 26. a4 a5 27. b3 b5 28. Ra1 Ra8 29. Rb1 Ke6 30. c4 Be7 31. cxb5 cxb5 32. Rc1 Bd6 33. d4 bxa4 34. dxe5 Bxe5 35. Nxe5 Kxe5 36. bxa4 Kd6 37. Rd1+ Ke6 38. Rc1 Kd6 39. Rd1+ Kc5 40. Rc1+ Kb6 41. Rb1+ Kc5 42. Rb5+ Kc4 43. Rf5 c5 44. Rxf7 Kb4 45. e5 Kxa4 46. Kd3 Kb5 47. e6 Kc6 48. e7 Re8 49. Kc4 Kd6 50. Rf6+ Kxe7 51. Ra6 Rf8 52. Rxa5 Rxf2 53. Rxc5 Kd6 54. Rd5+ Kc6 55. Rc5+ Kb6 56. Rb5+ Kc6 57. Rc5+ Kd6 58. Rd5+ Ke6 59. Rd1 Rf8 60. Kc3 Ke5 61. Kc4 Rc8+ 62. Kb5 Ke4 63. Kb6 Rc2 64. Kb7 Ke3 65. Rd6 Ke4 66. Rc6 Rb2+ 67. Rb6 Rd2 68. Rb4+ Kd5 69. Rb5+ Kd6 70. Rb6+ Kd7 71. Rb1 Rd6 72. Kb8 Kc6 73. Rc1+ Kb6 74. Rb1+ Kc6 75. Rc1+ Kd7 76. Kb7 Rd2 77. Rc7+ Kd6 78. Rc6+ Kd5 79. Rc1 Rb2+ 80. Kc7 Rb4 81. Rd1+ Kc5 82. Rc1+ Rc4 83. Rxc4+ Kxc4 1/2-1/2

[Event "FIDE World Uni Blitz-B 1st"]
[Site "Tornelo INT"]
[Date "2021.03.13"]
[Round "7.22"]
[White "Gesyan, Suren"]
[Black "Defromont, Benjamin"]
[Result "1/2-1/2"]
[WhiteElo "1945"]
[BlackElo "2246"]
[PlyCount "155"]
[EventDate "2021.03.13"]
[EventType "swiss (blitz)"]
[EventRounds "10"]
[EventCountry "NET"]
[SourceTitle "EXT 2022"]
[Source "ChessBase"]
[SourceDate "2021.10.06"]
[SourceVersion "1"]
[SourceVersionDate "2021.10.06"]
[SourceQuality "1"]

1. e4 e5 2. Nf3 Nc6 3. Bb5 a6 4. Bxc6 dxc6 5. 0-0 Bg4 6. h3 h5 7. d3 Qf6 8. Nbd2 0-0-0 9. Re1 Be6 10. Nf1 Be7 11. Bg5 Qg6 12. Bxe7 Nxe7 13. Nxe5 Qf6 14. Nf3 g5 15. Qd2 Rdg8 16. Qc3 Qh6 17. Nd4 Bd7 18. Ng3 h4 19. Ngf5 Nxf5 20. Nxf5 Bxf5 21. exf5 g4 22. d4 Qf4 23. Re5 f6 24. Re3 Qxf5 25. Rae1 Rd8 26. Qd3 Qg5 27. c3 gxh3 28. Rxh3 Rhg8 29. Qf3 Rde8 30. Rxe8+ Rxe8 31. Kh2 f5 32. d5 cxd5 33. g3 hxg3+ 34. Rxg3 Qh6+ 35. Kg2 Qe6 36. Rg5 Rf8 37. Qg3 f4 38. Qg4 Kd7 39. Kf3 Qxg4+ 40. Rxg4 Kd6 41. Rxf4 Rh8 42. Ke3 Rh1 43. Rf6+ Ke7 44. Rf5 Ke6 45. Rg5 Rb1 46. Rg7 Kd6 47. Rg6+ Kc5 48. b3 Rb2 49. f4 Rxa2 50. f5 Ra1 51. f6 Rf1 52. Ke2 Rf5 53. Ke3 Kd6 54. Kd4 Rf4+ 55. Ke3 Rf1 56. Ke2 Rf5 57. Ke3 c5 58. Rg7 b5 59. Ra7 Rxf6 60. Rxa6+ Ke5 61. Ra5 Rb6 62. Kd3 Kd6 63. Ra8 b4 64. cxb4 Rxb4 65. Kc3 Rh4 66. Rd8+ Kc6 67. Rc8+ Kb6 68. Rb8+ Kc7 69. Rg8 Rh3+ 70. Kc2 d4 71. Rg6 Rc3+ 72. Kb2 Re3 73. Kc2 Kd7 74. Rh6 Rg3 75. Rf6 Re3 76. Rh6 Rc3+ 77. Kb2 Re3 78. Kc2 1/2-1/2

[Event "Yerevan op 2nd"]
[Site "Yerevan"]
[Date "2017.09.25"]
[Round "7"]
[White "Israyelyan, Eduard"]
[Black "Gesyan, Suren"]
[Result "1-0"]
[WhiteElo "1854"]
[BlackElo "2063"]
[PlyCount "81"]
[EventDate "2017.09.19"]
[EventType "swiss"]
[EventRounds "9"]
[EventCountry "ARM"]
[SourceTitle "EXT 2018"]
[Source "ChessBase"]
[SourceDate "2017.10.13"]
[SourceVersion "1"]
[SourceVersionDate "2017.10.13"]
[SourceQuality "1"]

1. Nf3 Nf6 2. c4 g6 3. Nc3 d5 4. e3 Bg7 5. b3 0-0 6. Bb2 c5 7. d4 cxd4 8. exd4 e6 9. Be2 b6 10. 0-0 Bb7 11. Qd2 Nc6 12. Rfd1 Rc8 13. Rac1 Qc7 14. h3 Rfd8 15. Qe3 Qb8 16. Ne5 dxc4 17. bxc4 Nxe5 18. dxe5 Ne8 19. f4 Qa8 20. Bf1 Bf8 21. Kh2 Bc5 22. Qg3 Ng7 23. Rxd8+ Rxd8 24. Rd1 Nf5 25. Rxd8+ Qxd8 26. Qd3 Qd4 27. Qxd4 Bxd4 28. Nd1 Be3 29. g3 Bf3 30. Nxe3 Nxe3 31. Bd3 Bc6 32. g4 Ng2 33. Kg3 Ne1 34. Be2 g5 35. fxg5 Be4 36. Bc3 Nc2 37. Kf4 Bg6 38. h4 Na3 39. Bb2 Nb1 40. h5 Bc2 41. Ke3 1-0

[Event "Yerevan op 2nd"]
[Site "Yerevan"]
[Date "2017.09.19"]
[Round "1"]
[White "Pashikian, Arman"]
[Black "Gesyan, Suren"]
[Result "1-0"]
[WhiteElo "2592"]
[BlackElo "2063"]
[PlyCount "63"]
[EventDate "2017.09.19"]
[EventType "swiss"]
[EventRounds "9"]
[EventCountry "ARM"]
[SourceTitle "CBM 180 Extra"]
[Source "ChessBase"]
[SourceDate "2017.10.06"]
[SourceVersion "1"]
[SourceVersionDate "2017.10.06"]
[SourceQuality "1"]

1. d4 d5 2. Nf3 Nf6 3. c4 e6 4. g3 Be7 5. Bg2 0-0 6. Qc2 dxc4 7. Qxc4 Bd7 8. Ne5 Bc6 9. Nxc6 Nxc6 10. e3 Nd5 11. Nc3 Nxc3 12. bxc3 Na5 13. Qe2 c5 14. 0-0 Rc8 15. d5 exd5 16. Rd1 Bf6 17. Bxd5 Bxc3 18. Bxf7+ Rxf7 19. Rxd8+ Rxd8 20. Rb1 b6 21. Bb2 Rd2 22. Qb5 Bxb2 23. Rxb2 Rxb2 24. Qxb2 Kf8 25. Qe5 Rd7 26. Qf5+ Ke8 27. Qxh7 Kd8 28. h4 c4 29. h5 Kc8 30. g4 Rc7 31. g5 c3 32. Qc2 1-0

[Event "Yerevan Asrian Memorial 10th"]
[Site "Yerevan"]
[Date "2017.06.21"]
[Round "1"]
[White "Gesyan, Suren"]
[Black "Zhigalko, Andrey"]
[Result "0-1"]
[WhiteElo "2064"]
[BlackElo "2563"]
[PlyCount "44"]
[EventDate "2017.06.21"]
[EventType "swiss"]
[EventRounds "9"]
[EventCountry "ARM"]
[SourceTitle "EXT 2018"]
[Source "ChessBase"]
[SourceDate "2017.10.13"]
[SourceVersion "1"]
[SourceVersionDate "2017.10.13"]
[SourceQuality "1"]

1. Nf3 d6 2. d4 Nf6 3. g3 Nbd7 4. Bg2 e5 5. dxe5 dxe5 6. 0-0 Bc5 7. Nc3 0-0 8. Bg5 Qe8 9. Bxf6 Nxf6 10. Nd5 Nxd5 11. Qxd5 Bd6 12. Ng5 Qe7 13. Ne4 Bb4 14. a3 c6 15. Qc4 Ba5 16. Rfd1 Bf5 17. Qc5 Qc7 18. Nd6 Bb6 19. Qxe5 Bxc2 20. Rd2 Rad8 21. Rxc2 Rxd6 22. e3 Rd1+ 0-1

[Event "Yerevan op 1st"]
[Site "Yerevan"]
[Date "2016.10.10"]
[Round "9"]
[White "Apresyan, Zohrak"]
[Black "Gesyan, Suren"]
[Result "1-0"]
[WhiteElo "2180"]
[BlackElo "1936"]
[PlyCount "135"]
[EventDate "2016.10.02"]
[EventType "swiss"]
[EventRounds "9"]
[EventCountry "ARM"]
[SourceTitle "EXT 2017"]
[Source "ChessBase"]
[SourceDate "2016.10.25"]
[SourceVersion "1"]
[SourceVersionDate "2016.10.25"]
[SourceQuality "1"]

1. e4 c5 2. Nf3 e6 3. b3 d5 4. exd5 exd5 5. d4 Nf6 6. Bb5+ Bd7 7. Bxd7+ Nbxd7 8. 0-0 Be7 9. Ne5 0-0 10. Bb2 Rc8 11. Nd2 cxd4 12. Nxd7 Nxd7 13. Nf3 Bf6 14. Nxd4 a6 15. Qf3 Ne5 16. Qf5 Qd7 17. Qf4 Nc6 18. Rac1 Rfe8 19. Qd2 Re4 20. Nxc6 Bxb2 21. Rb1 Bf6 22. Nb4 d4 23. c4 Rce8 24. Rbe1 Bg5 25. Qd1 Qe6 26. Rxe4 Qxe4 27. Nd3 Qe2 28. Qxe2 Rxe2 29. Re1 Rxe1+ 30. Nxe1 Kf8 31. Kf1 Ke7 32. Ke2 Kd6 33. Kd3 Bd8 34. Nf3 Bf6 35. Nxd4 Kc5 36. Nc2 a5 37. a3 b6 38. b4+ axb4 39. axb4+ Kd6 40. Nd4 g6 41. f4 Be7 42. Nb5+ Kd7 43. Kc3 Bf6+ 44. Kb3 Kc6 45. Nc3 Bd4 46. Ne2 Bf6 47. Ng1 g5 48. fxg5 Bxg5 49. Nf3 Bf6 50. h3 h6 51. g4 b5 52. cxb5+ Kxb5 53. Ne1 Bd4 54. Nc2 Ba7 55. Na3+ Kc6 56. Kc4 Bb8 57. Nb5 Bf4 58. Nc3 Bb8 59. Ne4 Kd7 60. Kd5 Ke7 61. b5 h5 62. g5 h4 63. b6 Bf4 64. Nc5 Kd8 65. g6 Bh6 66. gxf7 Ke7 67. b7 Bf4 68. f8Q+ 1-0

[Event "Yerevan op 1st"]
[Site "Yerevan"]
[Date "2016.10.07"]
[Round "6"]
[White "Manukyan, Sevak N"]
[Black "Gesyan, Suren"]
[Result "0-1"]
[WhiteElo "1626"]
[BlackElo "1936"]
[PlyCount "124"]
[EventDate "2016.10.02"]
[EventType "swiss"]
[EventRounds "9"]
[EventCountry "ARM"]
[SourceTitle "EXT 2017"]
[Source "ChessBase"]
[SourceDate "2016.10.25"]
[SourceVersion "1"]
[SourceVersionDate "2016.10.25"]
[SourceQuality "1"]

1. d4 d5 2. c4 e6 3. Nc3 c6 4. e3 Nf6 5. Bd3 Be7 6. Nf3 0-0 7. 0-0 dxc4 8. Bxc4 b5 9. Bd3 Bb7 10. a3 Nbd7 11. b4 a5 12. Rb1 axb4 13. axb4 Nb6 14. Qc2 h6 15. Ne5 Bd6 16. f4 Qe7 17. Ne4 Nxe4 18. Bxe4 Bxe5 19. fxe5 Ra4 20. Bd2 Rfa8 21. Qc5 Qxc5 22. bxc5 Nc4 23. Bc1 Ra1 24. Rb3 R8a4 25. Bd3 Na5 26. Rb2 R4a3 27. Bd2 Rxf1+ 28. Bxf1 Ba6 29. Bxa5 Rxa5 30. Be2 Kf8 31. Bf3 Bb7 32. Rc2 Ke8 33. Kf2 Kd7 34. Kg3 Ra3 35. Kf4 Ba6 36. Be2 Kc7 37. Rb2 Bc8 38. h4 Kb7 39. Bf3 Kc7 40. g4 Bd7 41. g5 hxg5+ 42. hxg5 g6 43. Rh2 Be8 44. Rh8 Bd7 45. Be4 b4 46. Rh2 Rb3 47. Ra2 Kb7 48. Bc2 Rc3 49. Rb2 Ka6 50. Ba4 Ka5 51. Bd1 Bc8 52. Kf3 Ba6 53. Be2 Bxe2+ 54. Kxe2 b3 55. Kd2 Kb4 56. e4 Kc4 57. d5 exd5 58. exd5 Rd3+ 59. Kc1 Rxd5 60. Rf2 Kc3 61. Rf3+ Rd3 62. Rf2 Re3 0-1

[Event "Wch U16"]
[Site "Porto Carras"]
[Date "2015.10.28"]
[Round "4"]
[White "Moroni, Luca Jr"]
[Black "Gesyan, Suren"]
[Result "1-0"]
[WhiteElo "2460"]
[BlackElo "1928"]
[PlyCount "97"]
[EventDate "2015.10.25"]
[EventType "tourn"]
[EventRounds "11"]
[EventCountry "GRE"]
[SourceTitle "CBM 169 Extra"]
[Source "ChessBase"]
[SourceDate "2015.12.18"]
[SourceVersion "1"]
[SourceVersionDate "2015.12.18"]
[SourceQuality "1"]

1. d4 d5 2. c4 e6 3. Nc3 Nf6 4. cxd5 Nxd5 5. e4 Nxc3 6. bxc3 c5 7. Nf3 cxd4 8. cxd4 Bb4+ 9. Bd2 Qa5 10. Rb1 Bxd2+ 11. Qxd2 Qxd2+ 12. Kxd2 Ke7 13. Bb5 a6 14. Bd3 Rd8 15. Rhc1 Nc6 16. Ke3 f6 17. Rc5 Ke8 18. Rb6 g5 19. g4 Ne7 20. Bc4 Nc6 21. h3 h6 22. a4 Bd7 23. Rxb7 Rdb8 24. Rxb8+ Rxb8 25. Bxe6 Bxe6 26. Rxc6 Bb3 27. Nd2 Bxa4 28. Rxa6 Bb5 29. Ra3 Rc8 30. Rb3 Ba6 31. d5 Ke7 32. f3 Rc2 33. Ra3 Bb5 34. Rb3 Ba6 35. Rb6 Rc3+ 36. Kf2 Bc8 37. e5 fxe5 38. Rxh6 Rc2 39. Ke3 Rc3+ 40. Ke2 Rc2 41. Ke3 Rc3+ 42. Ke4 Rc2 43. Rc6 Rxd2 44. Rxc8 Re2+ 45. Kf5 Re3 46. Kxg5 Rxf3 47. h4 Rd3 48. h5 e4 49. h6 1-0